000 01078nam a2200277Ia 4500
003 OSt
005 20221005111540.0
006 a|||||r|||| 00| 0
007 ta
008 221004b |||||||| |||| 00| 0 hin d
020 _a8126002581 (pbk)
_c125
024 _a93722
037 _b529, 19/03/2009, Vani Prakashan
_cTextual
040 _aCRL
_cCRL
_bhin
041 _2hin
_ahin
082 _aR66xK00w, 152N7
100 _aत्रिपाठी, दीनानाथ
245 0 _aमधुसूदन सरस्वती
246 _aMadhusūdan sarasvatī
260 _aनई दिल्ली
_bसाहित्य अकादेमी भारत
_c1997
300 _a59पृ0
_ccm.
490 _aभारतीय साहित्य के निर्माता
700 _a व्यास, रेखा, अनु.
942 _hR66xK00w, 152N7
_cTEXL
_2cc
999 _c1022143
_d1022143